000 00454nam a2200181Ia 4500
001 18432
005 20260306171630.0
008 260306s9999||||xx |||||||||||||| ||und||
041 _aESP
082 _a658.404
_bC93 T. 3
100 _aCapuz Rizo, Salvador
_eAUT
245 0 _aDirección, gestión y organización de proyectos
260 _c2011
300 _a238 páginas :
_c24 cm.
650 _aGEN
654 _aCAN
942 _cLIB
_dJUS
_fJUS
_2ddc
_n
999 _c18432
_d18432